000 00331nam a22001457a 4500
008 240129b ||||| |||| 00| 0 eng d
020 _a77118378
041 _aeng
080 _2VOLUME 18
_a521
082 _a521PEC
100 _a19
101 _aASTRO
245 _aEXPERIMENTAL ASTRONOMY
_cJEAN CLAUDE PECKER
942 _2udc
_cBK
999 _c60563
_d60563